Corruption and Legitimacy /
Uloženo v:
| Hlavní autor: | |
|---|---|
| Další autoři: | , |
| Médium: | Text |
| Témata: | |
| Tagy: |
Přidat tag
Žádné tagy, Buďte první, kdo vytvoří štítek k tomuto záznamu!
|
MARC
| LEADER | 00000 a a2200000 04500 | ||
|---|---|---|---|
| 001 | 18639 | ||
| 003 | |||
| 040 | |||
| 100 | |a Van Dijk, Meine Pieter | ||
| 245 | |a Corruption and Legitimacy / |c Meine Pieter Van Dijk | ||
| 500 | |a Datos de edición: Amsterdam, SISWO, 1996. página 162 ISBN 90 6706 140 9 | ||
| 650 | |a CORRUPCION | ||
| 650 | |a BUROCRACIA | ||
| 650 | |a CRISIS POLITICA | ||
| 650 | |a ANALISIS TRANSCULTURAL | ||
| 650 | |a GOBERNABILIDAD | ||
| 650 | |a DESARROLLO HUMANO | ||
| 650 | |a HOLANDA | ||
| 650 | |a INDONESIA | ||
| 650 | |a INDIA | ||
| 700 | |a reseñadora |a Bakker, H. E. | ||
| 700 | |a Schulte Nordholt, N. G. | ||
| 773 | |g volumen 10, número 2; páginas 189-191 | ||
| 999 | |c 24837 |d 24837 | ||
